Galilée, penseur libre /

Detalles Bibliográficos
Autor principal: Zouckermann, Raymond
Formato: Libro
Lenguaje:inglés
Publicado: Paris, Francia Union Rationaliste 1968
Edición:5a.ed.
Materias:

MARC

LEADER 00000cam a2200000 a 4500
001 022404
003 UAHC_CL
005 20170803122118.0
008 010822b xx j 000 1 eng
040 |a UAHC_CL  |c UAHC_CL  |d UAHC_CL 
082 0 4 |a 920.71 
100 1 |a Zouckermann, Raymond 
245 1 0 |a Galilée, penseur libre /  |c Raymond Zouckermann. 
250 |a 5a.ed. 
260 |b Union Rationaliste  |c 1968  |a Paris, Francia 
300 |a 330 p. 
650 4 |a GALILEI, GALILEO  |y 1564-1642 
900 |a 920.71 ZOU 
942 |c BK 
952 |0 0  |1 0  |4 0  |6 920_710000000000000_ZOU  |7 0  |8 General  |9 44520  |a BC  |b BC  |c General  |d 2017-08-03  |l 0  |o 920.71 ZOU  |p 1310825  |r 2026-01-13 00:00:00  |t 1  |w 2017-08-03  |y BK 
999 |c 22404  |d 22404